000 00658nam a2200205 a 4500
003 PILC
005 20150112093427.0
008 100719s19uu xx 00 eng d
020 _a9780256098778
050 _aHF 5657.4
_b.G37 1991
082 _aASF 658.151
_bG19 1991
100 _aGarrison, Ray H.
_94077
245 _aManagerial accounting :
_bConcept for planning, control, decision makinG /
_cGarrison, Ray H.
250 _a6th ed.
260 _aHomewood, Illinois :
_bRichard D.Irwin, Inc,
_c1991.
300 _a810 pages :
_bcolored illustration ;
_c26 cm.
500 _aIncludes index.
650 _aManagerial accounting
_94078
942 _2lcc
_cBK
999 _c14232
_d14232